Anaheim Ducks 2025-2026 Roster - Statistics

General Stats
  • This quiz has been taken 53 times
  • The average score is 16 of 24
Answer Stats
Jersey # Pos Player % Correct
1 G Lukas Dostal
97%
91 C Leo Carlsson
93%
23 C Mason McTavish
93%
65 D Jacob Trouba
86%
7 D Radko Gudas
86%
61 LW Cutter Gauthier
83%
2 D Jackson LaCombe
83%
20 LW Chris Kreider
79%
98 D Pavel Mintyukov
79%
19 RW Troy Terry
79%
17 LW Alex Killorn
76%
51 D Olen Zellweger
76%
64 C Mikael Granlund
72%
33 G Ville Husso
72%
34 G Petr Mrazek
69%
45 RW Beckett Sennecke
62%
16 C Ryan Strome
59%
44 LW Ross Johnston
55%
25 C Ryan Poehling
52%
14 D Drew Helleson
41%
24 C Jansen Harkins
41%
12 RW Sam Colangelo
31%
13 C Nikita Nesterenko
28%
77 RW Frank Vatano
14%
No matching quizzes found
Score Distribution
Percent of People with Each Score
Percentile by Number Answered
Your Score History
You have not taken this quiz